The future is hot for our offices (Record no. 117842)

MARC details
000 -LEADER
fixed length control field 01263cam a2200229 4500
001 - CONTROL NUMBER
control field WB4031-01
008 - FIXED-LENGTH DATA ELEMENTS--GENERAL INFORMATION
fixed length control field 040811n2004 000 0 eng u
035 ## - SYSTEM CONTROL NUMBER
System control number (Sirsi) u127053
245 #4 - TITLE STATEMENT
Title The future is hot for our offices
260 ## - PUBLICATION, DISTRIBUTION, ETC.
Date of publication, distribution, etc. 2004
490 ## - SERIES STATEMENT
Series statement Building
Volume/sequential designation (269) 8344, 6 August 2004, 12 (1)
520 ## - SUMMARY, ETC.
Summary, etc. According to research carried out by Arup as part of a study for the DTI, entitled "Futureproofing our buildings" (http://www.arup.com/ard/project.cfm?pageid=3297), global warming could make naturally ventilated offices virtually unusable for one quarter of the year. The report recommends that siestas, going home in hot weather, longer holidays, relaxed dress codes and relocating offices to the cooler north of Britain will be the only way that office workers of the year 2080 will survive roasting summers and office temperatures of 39°C. Designers and developers will need to change the design of buildings if they are to remain in use as climate change takes place.
590 ## - LOCAL NOTE (RLIN)
Local note WB
590 ## - LOCAL NOTE (RLIN)
Local note WB
650 ## - SUBJECT ADDED ENTRY--TOPICAL TERM
Topical term or geographic name entry element GLOBAL WARMING
650 ## - SUBJECT ADDED ENTRY--TOPICAL TERM
Topical term or geographic name entry element CLIMATE CHANGE
650 ## - SUBJECT ADDED ENTRY--TOPICAL TERM
Topical term or geographic name entry element COMMERCIAL BUILDINGS
650 ## - SUBJECT ADDED ENTRY--TOPICAL TERM
Topical term or geographic name entry element NATURAL VENTILATION
650 ## - SUBJECT ADDED ENTRY--TOPICAL TERM
Topical term or geographic name entry element HOUSING
690 ## - LOCAL SUBJECT ADDED ENTRY--TOPICAL TERM (OCLC, RLIN)
Topical term or geographic name as entry element BUILDING AND CONSTRUCTION-DESIGN AND STRUCTURES
942 ## - ADDED ENTRY ELEMENTS (KOHA)
Suppress in OPAC 0
Holdings
Withdrawn status Lost status Source of classification or shelving scheme Damaged status Not for loan Home library Current library Shelving location Date acquired Total Checkouts Full call number Barcode Date last seen Copy number Price effective from Koha item type
    Dewey Decimal Classification     London London News article 11/08/2004   WB4031-01 127053-1001 06/08/2019 1 06/08/2019 News article